[Event "Oberliga Ost-A 2324"]
[Site "Germany"]
[Date "2024.02.25"]
[Round "7.7"]
[White "Hoerr, Matthias"]
[Black "Weisspflog, Janek"]
[Result "1/2-1/2"]
[WhiteElo "2085"]
[BlackElo "2043"]
[PlyCount "64"]
[EventDate "2023.10.22"]
[EventType "team-tourn"]
[EventRounds "11"]
[EventCountry "GER"]
[SourceTitle "EXT 2025"]
[Source "ChessBase"]
[SourceDate "2024.10.14"]
[SourceVersion "1"]
[SourceVersionDate "2024.10.14"]
[SourceQuality "1"]
[WhiteTeam "Plauen Koenig"]
[BlackTeam "Reichenbrand Eiche"]
[WhiteTeamCountry "GER"]
[BlackTeamCountry "GER"]

1. c4 e5 2. g3 Nf6 3. Bg2 h6 4. Nf3 Nc6 5. Nc3 Bc5 6. Nxe5 Bxf2+ 7. Kxf2 Nxe5 8. b3 Nfg4+ 9. Kg1 d6 10. h3 Nf6 11. d4 Ng6 12. e4 0-0 13. Kh2 Rb8 14. Rf1 c5 15. Be3 b6 16. Qc2 Qe7 17. Rae1 cxd4 18. Bxd4 Ne5 19. Nd1 Re8 20. Ne3 Be6 21. Rd1 Qc7 22. Qb2 a6 23. Rfe1 a5 24. a4 Nfd7 25. Nf5 Bxf5 26. exf5 Nc5 27. Qc3 f6 28. Bf2 Kh8 29. Rd5 Nf7 30. h4 Rxe1 31. Bxe1 Re8 32. Bd2 Ne5 1/2-1/2

[Event "Oberliga Ost-A 2223"]
[Site "Germany"]
[Date "2023.02.26"]
[Round "9.6"]
[White "Erler, Rainer"]
[Black "Hoerr, Matthias"]
[Result "1/2-1/2"]
[WhiteElo "2110"]
[BlackElo "2071"]
[PlyCount "91"]
[EventDate "2022.09.18"]
[EventType "team-tourn"]
[EventRounds "11"]
[EventCountry "GER"]
[SourceTitle "EXT 2025"]
[Source "ChessBase"]
[SourceDate "2024.10.14"]
[SourceVersion "1"]
[SourceVersionDate "2024.10.14"]
[SourceQuality "1"]
[WhiteTeam "Dessau"]
[BlackTeam "Plauen Koenig"]
[WhiteTeamCountry "GER"]
[BlackTeamCountry "GER"]

1. e4 c5 2. Nc3 e6 3. Nge2 Nc6 4. g3 d5 5. exd5 exd5 6. Bg2 d4 7. Nd5 Nf6 8. Nef4 Nxd5 9. Nxd5 Bd6 10. 0-0 0-0 11. d3 Be6 12. Nf4 Bf5 13. h3 Re8 14. a3 Qc8 15. Kh2 Qd7 16. Qf3 Rab8 17. Bd2 Ne5 18. Qd5 Qc7 19. Rae1 Bd7 20. Qb3 b5 21. Nd5 Qc8 22. f4 Ng6 23. Rxe8+ Bxe8 24. f5 Ne5 25. Bf4 Qxf5 26. Re1 Qe6 27. c3 Bc6 28. cxd4 cxd4 29. Ne7+ Qxe7 30. Bxc6 Rd8 31. Qd1 Qc7 32. Bg2 Ng6 33. Bxd6 Qxd6 34. Qe2 h6 35. Qe4 a5 36. Qf5 Qd7 37. Qxd7 Rxd7 38. Bc6 Re7 39. Rxe7 Nxe7 40. Bxb5 g5 41. Kg2 Kg7 42. Kf3 f5 43. Bd7 Kf6 44. b4 axb4 45. axb4 Ke5 46. Be8 1/2-1/2

[Event "Oberliga Ost-A 2223"]
[Site "Germany"]
[Date "2023.02.05"]
[Round "7.3"]
[White "Fischer, Edwin"]
[Black "Hoerr, Matthias"]
[Result "1/2-1/2"]
[WhiteElo "2222"]
[BlackElo "2071"]
[PlyCount "115"]
[EventDate "2022.09.18"]
[EventType "team-tourn"]
[EventRounds "11"]
[EventCountry "GER"]
[SourceTitle "EXT 2025"]
[Source "ChessBase"]
[SourceDate "2024.10.14"]
[SourceVersion "1"]
[SourceVersionDate "2024.10.14"]
[SourceQuality "1"]
[WhiteTeam "Reichenbrand Eiche"]
[BlackTeam "Plauen Koenig"]
[WhiteTeamCountry "GER"]
[BlackTeamCountry "GER"]

1. d4 Nf6 2. Nf3 e6 3. Bg5 h6 4. Bh4 c5 5. c3 b6 6. e3 Bb7 7. Nbd2 Be7 8. h3 cxd4 9. cxd4 0-0 10. Bd3 Nc6 11. 0-0 Nb4 12. Be2 Ne4 13. Bxe7 Qxe7 14. Nxe4 Bxe4 15. a3 Nd5 16. Nd2 Bh7 17. Bf3 Rac8 18. Rc1 Bd3 19. Re1 Nf6 20. Qb3 Bg6 21. Rc3 d5 22. Rec1 Qb7 23. Be2 Rfd8 24. Qa4 Qb8 25. Qa6 Rxc3 26. Rxc3 Ne8 27. Nf3 f6 28. Bd3 Bxd3 29. Qxd3 Rc8 30. h4 Nd6 31. Qc2 Rxc3 32. Qxc3 Qc8 33. Qxc8+ Nxc8 34. h5 Nd6 35. b3 Ne4 36. Kf1 f5 37. Ke2 Kf8 38. Ne5 Nf6 39. Ng6+ Ke8 40. Nf4 Kd7 41. Kd3 Kd6 42. f3 Nd7 43. Kc3 Nb8 44. Nd3 Nc6 45. b4 a6 46. a4 Ke7 47. Ne5 Kd6 48. f4 Nxe5 49. dxe5+ Kc7 50. Kd4 a5 51. b5 Kd7 52. Kd3 Ke7 53. Ke2 Kf7 54. Kf3 g6 55. hxg6+ Kxg6 56. Kg3 h5 57. Kh4 Kh6 58. Kh3 1/2-1/2

[Event "Oberliga Ost-A 2223"]
[Site "Germany"]
[Date "2023.02.04"]
[Round "6.3"]
[White "Hoerr, Matthias"]
[Black "Roemling, Sven"]
[Result "1-0"]
[WhiteElo "2071"]
[BlackElo "2241"]
[PlyCount "79"]
[EventDate "2022.09.18"]
[EventType "team-tourn"]
[EventRounds "11"]
[EventCountry "GER"]
[SourceTitle "EXT 2025"]
[Source "ChessBase"]
[SourceDate "2024.10.14"]
[SourceVersion "1"]
[SourceVersionDate "2024.10.14"]
[SourceQuality "1"]
[WhiteTeam "Plauen Koenig"]
[BlackTeam "Leipzig SG II"]
[WhiteTeamCountry "GER"]
[BlackTeamCountry "GER"]

1. e4 c6 2. d4 d5 3. e5 Qb6 4. c3 Bf5 5. Nf3 e6 6. a4 Ne7 7. a5 Qc7 8. b4 Nd7 9. Be2 f6 10. exf6 gxf6 11. Nh4 Be4 12. Nd2 Ng6 13. Nxe4 Nxh4 14. Bh5+ Ng6 15. Nc5 Kf7 16. 0-0 Bd6 17. f4 f5 18. g4 Bxc5 19. dxc5 Nf6 20. gxf5 exf5 21. Be3 Rhe8 22. Bd4 Re4 23. Be5 Qe7 24. Ra2 a6 25. Rg2 Rg8 26. Kh1 Nxh5 27. Qxh5 Ke6 28. Qh6 Kd7 29. Rfg1 Re8 30. Qh5 Qf7 31. Rg5 Ke6 32. Rxg6+ hxg6 33. Rxg6+ Ke7 34. Qg5+ Kf8 35. Rf6 Re6 36. Rxf7+ Kxf7 37. Qxf5+ Ke7 38. Qh7+ Ke8 39. Qg8+ Kd7 40. Qf7+ 1-0

[Event "Bremen Silvester op-A"]
[Site "Bremen"]
[Date "2022.12.29"]
[Round "6"]
[White "Hoerr, Matthias"]
[Black "Moewisch, Dave"]
[Result "1/2-1/2"]
[WhiteElo "2077"]
[BlackElo "1874"]
[PlyCount "89"]
[EventDate "2022.12.27"]
[EventType "swiss"]
[EventRounds "7"]
[EventCountry "GER"]
[SourceTitle "CBM 211 Extra"]
[Source "ChessBase"]
[SourceDate "2023.01.31"]
[SourceVersion "1"]
[SourceVersionDate "2023.01.31"]
[SourceQuality "1"]

1. e4 c6 2. d4 d5 3. e5 Bf5 4. Nf3 e6 5. Be2 Ne7 6. 0-0 Ng6 7. b3 Nd7 8. c4 Be7 9. Bd3 Bxd3 10. Qxd3 0-0 11. Re1 Qc7 12. Bb2 Rae8 13. Nc3 a6 14. cxd5 cxd5 15. g3 Rc8 16. h4 Bb4 17. Rec1 Qd8 18. Ng5 Re8 19. f4 h6 20. Nf3 f5 21. h5 Ne7 22. a3 Ba5 23. b4 Bb6 24. b5 Rc4 25. a4 a5 26. Nd1 Rxc1 27. Rxc1 Qa8 28. Ba3 Kf7 29. Kf2 Rc8 30. Rc3 Rxc3 31. Qxc3 Qc8 32. Ke3 Qxc3+ 33. Nxc3 Bd8 34. Nd2 b6 35. Kf3 g6 36. hxg6+ Nxg6 37. Nd1 h5 38. Nf2 Ndf8 39. Nh3 Nh7 40. Bd6 Ke8 41. Kg2 Nh8 42. Nf3 Nf7 43. Ba3 Kd7 44. Nh4 Nh6 45. Nf2 1/2-1/2

[Event "Bremen Silvester op-A"]
[Site "Bremen"]
[Date "2022.12.27"]
[Round "2"]
[White "Hoerr, Matthias"]
[Black "Cofman, Veaceslav"]
[Result "0-1"]
[WhiteElo "2077"]
[BlackElo "2269"]
[PlyCount "62"]
[EventDate "2022.12.27"]
[EventType "swiss"]
[EventRounds "7"]
[EventCountry "GER"]
[SourceTitle "CBM 211 Extra"]
[Source "ChessBase"]
[SourceDate "2023.01.31"]
[SourceVersion "1"]
[SourceVersionDate "2023.01.31"]
[SourceQuality "1"]

1. e4 e6 2. d4 d5 3. Nd2 c5 4. exd5 Qxd5 5. Ngf3 cxd4 6. Bc4 Qd6 7. 0-0 Nf6 8. Nb3 Nc6 9. Nbxd4 Nxd4 10. Nxd4 a6 11. c3 Qc7 12. Qe2 Bd6 13. Bg5 Bxh2+ 14. Kh1 Bf4 15. Bxf6 gxf6 16. g3 Be5 17. f4 Bxd4 18. cxd4 b5 19. Bb3 Bb7+ 20. Kh2 0-0 21. f5 Kh8 22. Qh5 Rg8 23. Qh4 Rg5 24. fxe6 fxe6 25. Rxf6 Rag8 26. Rg1 Rg4 27. Qh3 Rxd4 28. Qh6 Qe5 29. Rf7 Qe2+ 30. Kh3 Qg4+ 31. Kh2 Rd2+ 0-1

[Event "Pardubice Czech op-A 33rd"]
[Site "Pardubice"]
[Date "2022.07.22"]
[Round "1"]
[White "Hoerr, Matthias"]
[Black "Haring, Filip"]
[Result "0-1"]
[WhiteElo "2177"]
[BlackElo "2451"]
[PlyCount "72"]
[EventDate "2022.07.22"]
[EventType "swiss"]
[EventRounds "9"]
[EventCountry "CZE"]
[SourceTitle "CBM 209 Extra"]
[Source "ChessBase"]
[SourceDate "2022.09.30"]
[SourceVersion "1"]
[SourceVersionDate "2022.09.30"]
[SourceQuality "1"]

1. e4 c5 2. Nf3 e6 3. d4 cxd4 4. Nxd4 a6 5. Bd3 Qc7 6. 0-0 Nf6 7. Qe2 d6 8. f4 Nbd7 9. c4 Be7 10. Nc3 0-0 11. a4 b6 12. Bd2 g6 13. b4 Re8 14. Rfc1 Bb7 15. Nb3 Rac8 16. a5 bxa5 17. Nxa5 Ba8 18. Kh1 Qb8 19. Rcb1 Bd8 20. c5 dxc5 21. Bxa6 cxb4 22. Bxc8 Qxc8 23. Rxb4 e5 24. Rc4 Qb8 25. Rb1 Qd6 26. Nb5 Qa6 27. Qe1 exf4 28. Nc7 Bxc7 29. Rxc7 Bxe4 30. Qg1 Bxb1 31. Qxb1 Qd6 32. Qc1 Ne4 33. Be1 Nec5 34. Rc6 Qd5 35. Qd2 Nb3 36. Qf2 Qd1 0-1

[Event "Oberliga Ost-A 1920"]
[Site "Germany"]
[Date "2020.01.18"]
[Round "6.7"]
[White "Dahl, Christoph"]
[Black "Hoerr, Matthias"]
[Result "1/2-1/2"]
[WhiteElo "2270"]
[BlackElo "2159"]
[PlyCount "126"]
[EventDate "2019.09.29"]
[EventType "team-tourn"]
[EventRounds "11"]
[EventCountry "GER"]
[SourceTitle "EXT 2021"]
[Source "ChessBase"]
[SourceDate "2020.10.23"]
[SourceVersion "1"]
[SourceVersionDate "2020.10.23"]
[SourceQuality "1"]
[WhiteTeam "Dresden Gruen Weiss"]
[BlackTeam "Plauen Koenig"]
[WhiteTeamCountry "GER"]
[BlackTeamCountry "GER"]

1. e4 c5 2. Nf3 e6 3. d4 cxd4 4. Nxd4 Nc6 5. Nc3 Qc7 6. Be3 a6 7. Qf3 Nf6 8. 0-0-0 Be7 9. Kb1 0-0 10. g4 b5 11. Nxc6 Qxc6 12. g5 Ne8 13. Bd3 b4 14. Ne2 Bb7 15. Qh3 Bc5 16. Rhg1 Bxe3 17. Qxe3 e5 18. f4 Nd6 19. fxe5 Nc4 20. Bxc4 Qxc4 21. Rxd7 Bxe4 22. Nd4 Rad8 23. Rd6 Rfe8 24. Rd1 Bg6 25. b3 Qc5 26. Rxd8 Rxd8 27. Rd2 Rd5 28. e6 fxe6 29. Qxe6+ Bf7 30. Qxa6 Rxg5 31. Qa8+ Qf8 32. Qxf8+ Kxf8 33. Nc6 Rg4 34. Kb2 g5 35. Ne5 Re4 36. Nd7+ Ke7 37. Nc5 Rf4 38. Nd3 Re4 39. c4 bxc3+ 40. Kxc3 h5 41. a4 g4 42. a5 Re3 43. a6 Kd6 44. Kd4 Re8 45. b4 Bd5 46. Rf2 Re4+ 47. Kc3 Rc4+ 48. Kd2 h4 49. Rf6+ Kc7 50. b5 Kb8 51. b6 Rc8 52. Ne5 Rd8 53. Kc3 g3 54. hxg3 hxg3 55. Rg6 g2 56. Rg7 Rd6 57. Kd4 Be6+ 58. Kc5 Rd5+ 59. Kc6 Rxe5 60. a7+ Ka8 61. Kc7 Rc5+ 62. Kd6 Rb5 63. Kxe6 Rxb6+ 1/2-1/2

[Event "BL2-Ost 1819"]
[Site "Germany"]
[Date "2019.02.23"]
[Round "7.5"]
[White "Hoerr, Matthias"]
[Black "Zajogin, Alexander"]
[Result "0-1"]
[WhiteElo "2169"]
[BlackElo "2413"]
[PlyCount "82"]
[EventDate "2018.11.10"]
[EventType "team-tourn"]
[EventRounds "10"]
[EventCountry "GER"]
[SourceTitle "CBM 190 Extra"]
[Source "ChessBase"]
[SourceDate "2019.07.15"]
[SourceVersion "1"]
[SourceVersionDate "2019.07.15"]
[SourceQuality "1"]
[WhiteTeam "Plauen Koenig"]
[BlackTeam "Muenchen Bayern"]
[WhiteTeamCountry "GER"]
[BlackTeamCountry "GER"]

1. Nf3 d5 2. c4 e6 3. b3 Nf6 4. g3 Be7 5. Bg2 0-0 6. 0-0 a5 7. Nc3 d4 8. Nb5 Nc6 9. e3 e5 10. exd4 exd4 11. d3 Ne8 12. Re1 Bf6 13. h4 h6 14. Nd2 Nb4 15. Ne4 c6 16. Na3 Be7 17. Nc2 f5 18. Nxb4 Bxb4 19. Nd2 f4 20. Rf1 Nf6 21. Ne4 Nxe4 22. Bxe4 Bh3 23. Bxf4 Bxf1 24. Qxf1 Bd6 25. Bxd6 Qxd6 26. h5 a4 27. b4 Qxb4 28. Rb1 Qe7 29. f4 Rab8 30. Qh3 b5 31. Re1 Kh8 32. Qg4 Rf6 33. Kf1 bxc4 34. Bd5 Qc5 35. Bxc4 Qf5 36. Qd1 Qh3+ 37. Kf2 Qh2+ 38. Kf3 Qxh5+ 39. Ke4 Re8+ 40. Kxd4 Rd6+ 41. Kc3 Qa5+ 0-1

[Event "BL2-Ost 1819"]
[Site "Germany"]
[Date "2019.02.02"]
[Round "5.7"]
[White "Stips, Felix"]
[Black "Hoerr, Matthias"]
[Result "1/2-1/2"]
[WhiteElo "2290"]
[BlackElo "2169"]
[PlyCount "89"]
[EventDate "2018.11.10"]
[EventType "team-tourn"]
[EventRounds "10"]
[EventCountry "GER"]
[SourceTitle "CBM 190 Extra"]
[Source "ChessBase"]
[SourceDate "2019.07.15"]
[SourceVersion "1"]
[SourceVersionDate "2019.07.15"]
[SourceQuality "1"]
[WhiteTeam "Bindlach"]
[BlackTeam "Plauen Koenig"]
[WhiteTeamCountry "GER"]
[BlackTeamCountry "GER"]

1. Nf3 c5 2. c4 g6 3. e4 Nc6 4. d4 cxd4 5. Nxd4 Nf6 6. Nc3 d6 7. Be2 Nxd4 8. Qxd4 Bg7 9. Bg5 0-0 10. Rc1 Be6 11. Qd2 Qa5 12. 0-0 Rfc8 13. b3 a6 14. f4 Rc5 15. Qe3 Rac8 16. Na4 R5c6 17. a3 b5 18. f5 bxa4 19. fxe6 axb3 20. exf7+ Kf8 21. Bxf6 exf6 22. Qxb3 Rb6 23. Qh3 Qc5+ 24. Kh1 Kxf7 25. Qd7+ Kf8 26. Bg4 Rcb8 27. Be6 R6b7 28. Qa4 Ke7 29. Bd5 Rb3 30. Qxa6 Rxa3 31. Qc6 Qxc6 32. Bxc6 Rb2 33. Rb1 Raa2 34. Rxb2 Rxb2 35. Bd5 f5 36. exf5 gxf5 37. g3 Kf6 38. Be4 Ke5 39. Bxf5 h6 40. Bh7 Kd4 41. Rf4+ Ke3 42. Re4+ Kf3 43. Rf4+ Ke3 44. Re4+ Kf3 45. Rf4+ 1/2-1/2

[Event "BL2-Ost 1819"]
[Site "Germany"]
[Date "2018.12.14"]
[Round "8.5"]
[White "Froewis, Georg"]
[Black "Hoerr, Matthias"]
[Result "1/2-1/2"]
[WhiteElo "2435"]
[BlackElo "2169"]
[PlyCount "73"]
[EventDate "2018.11.10"]
[EventType "team-tourn"]
[EventRounds "10"]
[EventCountry "GER"]
[SourceTitle "CBM 190 Extra"]
[Source "ChessBase"]
[SourceDate "2019.07.15"]
[SourceVersion "1"]
[SourceVersionDate "2019.07.15"]
[SourceQuality "1"]
[WhiteTeam "Muenchen SC"]
[BlackTeam "Plauen Koenig"]
[WhiteTeamCountry "GER"]
[BlackTeamCountry "GER"]

1. Nf3 c5 2. b3 d6 3. d4 cxd4 4. Nxd4 Nf6 5. Bb2 g6 6. g3 Nc6 7. Bg2 Bd7 8. 0-0 Bg7 9. c4 0-0 10. Nc3 Nxd4 11. Qxd4 Bc6 12. Rfd1 Ne4 13. Qe3 Nxc3 14. Bxc3 Bxc3 15. Qxc3 Bxg2 16. Kxg2 Qc7 17. Rd4 b5 18. Qe3 e5 19. Rd5 bxc4 20. bxc4 Rfd8 21. Qd3 Rac8 22. Rc1 Qb6 23. Kg1 Rc5 24. Rb1 Rxd5 25. cxd5 Qc7 26. Kg2 Rc8 27. Rb5 Rb8 28. Rxb8+ Qxb8 29. Qc4 Kf8 30. a4 Qb6 31. Qc6 Ke7 32. Qc4 h5 33. Qh4+ Kd7 34. Qc4 Kd8 35. Qh4+ Ke8 36. Qc4 Kd8 37. h4 1/2-1/2

[Event "Hradec Kralove op 9th"]
[Site "Hradec Kralove"]
[Date "2018.10.07"]
[Round "9"]
[White "Plischki, Sebastian"]
[Black "Hoerr, Matthias"]
[Result "1-0"]
[WhiteElo "2430"]
[BlackElo "2208"]
[PlyCount "43"]
[EventDate "2018.09.30"]
[EventType "swiss"]
[EventRounds "9"]
[EventCountry "CZE"]
[SourceTitle "CBM 186 Extra"]
[Source "ChessBase"]
[SourceDate "2018.08.24"]
[SourceVersion "1"]
[SourceVersionDate "2018.08.24"]
[SourceQuality "1"]

1. d4 Nf6 2. c4 e6 3. g3 d5 4. Nf3 Bb4+ 5. Bd2 Be7 6. Bg2 0-0 7. 0-0 c6 8. Qc2 b6 9. Rd1 Bb7 10. b3 Nbd7 11. Nc3 Re8 12. e4 dxe4 13. Nxe4 Nxe4 14. Qxe4 Nf6 15. Qc2 c5 16. dxc5 Bxc5 17. Bc3 Qe7 18. Ng5 Bxg2 19. Kxg2 h6 20. Bxf6 Qb7+ 21. Qe4 Reb8 22. Rd8+ 1-0

[Event "Hradec Kralove op 9th"]
[Site "Hradec Kralove"]
[Date "2018.10.02"]
[Round "3"]
[White "Seemann, Jakub"]
[Black "Hoerr, Matthias"]
[Result "1/2-1/2"]
[WhiteElo "1789"]
[BlackElo "2208"]
[PlyCount "83"]
[EventDate "2018.09.30"]
[EventType "swiss"]
[EventRounds "9"]
[EventCountry "CZE"]
[SourceTitle "CBM 186 Extra"]
[Source "ChessBase"]
[SourceDate "2018.08.24"]
[SourceVersion "1"]
[SourceVersionDate "2018.08.24"]
[SourceQuality "1"]

1. e4 c5 2. Nf3 e6 3. d4 cxd4 4. Nxd4 Nc6 5. Nc3 Qc7 6. Be2 Nf6 7. Be3 Be7 8. 0-0 0-0 9. f4 d6 10. Qe1 Nxd4 11. Bxd4 e5 12. Be3 b6 13. Qg3 Bb7 14. f5 Kh8 15. Bf3 Rfd8 16. Rad1 Qc4 17. Bg5 Rac8 18. Bxf6 Bxf6 19. a3 b5 20. Be2 Qc5+ 21. Qf2 a6 22. Rd3 b4 23. Qxc5 dxc5 24. Nd5 Bxd5 25. Rxd5 Rxd5 26. exd5 e4 27. Bxa6 Ra8 28. Bb7 Ra7 29. Bc6 Bxb2 30. axb4 Bd4+ 31. Kh1 e3 32. Bb5 cxb4 33. d6 Ra1 34. Rxa1 Bxa1 35. d7 Bf6 36. g4 Kg8 37. Kg2 Kf8 38. Kf3 Bg5 39. Kg3 Ke7 40. h4 Bf6 41. Kf3 Bxh4 42. Kxe3 1/2-1/2

[Event "Leipzig VfB op 25th"]
[Site "Leipzig"]
[Date "2018.03.22"]
[Round "5"]
[White "Burian, Simon"]
[Black "Hoerr, Matthias"]
[Result "0-1"]
[WhiteElo "2010"]
[BlackElo "2178"]
[PlyCount "94"]
[EventDate "2018.03.20"]
[EventType "swiss"]
[EventRounds "9"]
[EventCountry "GER"]
[SourceTitle "CBM 183 Extra"]
[Source "ChessBase"]
[SourceDate "2018.04.19"]
[SourceVersion "1"]
[SourceVersionDate "2018.04.19"]
[SourceQuality "1"]

1. e4 c5 2. Nf3 e6 3. d4 cxd4 4. Nxd4 Nc6 5. Nc3 Qc7 6. g3 a6 7. Bg2 Nf6 8. 0-0 Bc5 9. Be3 Ne5 10. Bf4 d6 11. Nb3 Ba7 12. h3 h6 13. Rb1 0-0 14. Qe2 b5 15. a3 Bb7 16. Nd2 Rac8 17. Be3 Bxe3 18. Qxe3 Rfd8 19. f4 Nc4 20. Nxc4 Qxc4 21. Rbd1 a5 22. Qb6 b4 23. axb4 Qxb4 24. Nb5 Bxe4 25. Rd4 Rb8 26. Qxd8+ Rxd8 27. Rxb4 axb4 28. Bxe4 Nxe4 29. Rf3 Rc8 30. c3 Rc5 31. Nd4 bxc3 32. bxc3 Rxc3 33. Rxc3 Nxc3 34. Kf2 Kf8 35. Ke3 Ke7 36. f5 e5 37. Nc6+ Kd7 38. Nb4 d5 39. g4 Kd6 40. h4 f6 41. Kd3 Ne4 42. Ke3 Nc5 43. Nc2 d4+ 44. Nxd4 exd4+ 45. Kxd4 Nd7 46. Ke4 Ne5 47. Kf4 Nf7 0-1

[Event "Oberliga Ost-A 1718"]
[Site "Germany"]
[Date "2018.01.21"]
[Round "5.4"]
[White "Huth, Volkmar"]
[Black "Hoerr, Matthias"]
[Result "1/2-1/2"]
[WhiteElo "2121"]
[BlackElo "2196"]
[PlyCount "120"]
[EventDate "2017.10.22"]
[EventType "team-tourn"]
[EventRounds "11"]
[EventCountry "GER"]
[SourceTitle "EXT 2019"]
[Source "ChessBase"]
[SourceDate "2018.10.10"]
[SourceVersion "1"]
[SourceVersionDate "2018.10.10"]
[SourceQuality "1"]
[WhiteTeam "Naumburg"]
[BlackTeam "Plauen Koenig"]
[WhiteTeamCountry "GER"]
[BlackTeamCountry "GER"]

1. d4 Nf6 2. c4 e6 3. Nf3 b6 4. Nc3 Bb7 5. a3 d5 6. Bg5 dxc4 7. e3 Be7 8. Bxc4 0-0 9. 0-0 h6 10. Bf4 Nd5 11. Nxd5 exd5 12. Bd3 Nd7 13. Rc1 c5 14. Ne5 Nf6 15. Bb1 Re8 16. g4 Bd6 17. Bg3 Ne4 18. f4 Rc8 19. g5 Bxe5 20. Bxe4 Bxd4 21. exd4 dxe4 22. dxc5 hxg5 23. Qxd8 Rexd8 24. cxb6 gxf4 25. Bxf4 axb6 26. Rxc8 Rxc8 27. Rc1 Rxc1+ 28. Bxc1 b5 29. Kf2 Kf8 30. Ke3 Ke7 31. Kd4 Bc6 32. Kc5 Bd7 33. Kd4 Bc6 34. Kc5 Bd7 35. Kd4 f5 36. Ke5 Kf7 37. h4 Kg6 38. Kf4 Kh5 39. Kg3 Be6 40. Be3 Bc4 41. Bd4 g5 42. hxg5 Kxg5 43. Be3+ Kf6 44. Kf4 Ke6 45. Bb6 Bf1 46. Ke3 Kd5 47. Kf4 Bh3 48. Ke3 Kc4 49. Bc7 Bg2 50. Be5 Kb3 51. Bf6 Kc2 52. Be5 Bf3 53. Bd4 Bg4 54. Be5 Bh5 55. Bd4 Bg6 56. Be5 Bh7 57. Bd4 Bg8 58. Be5 Bh7 59. Bd4 Kb3 60. Be5 Kc4 1/2-1/2

[Event "Oberliga Ost-A 1718"]
[Site "Germany"]
[Date "2017.10.22"]
[Round "1.5"]
[White "Haessler, Wolfgang"]
[Black "Hoerr, Matthias"]
[Result "1-0"]
[WhiteElo "2178"]
[BlackElo "2196"]
[PlyCount "111"]
[EventDate "2017.10.22"]
[EventType "team-tourn"]
[EventRounds "11"]
[EventCountry "GER"]
[SourceTitle "EXT 2019"]
[Source "ChessBase"]
[SourceDate "2018.10.10"]
[SourceVersion "1"]
[SourceVersionDate "2018.10.10"]
[SourceQuality "1"]
[WhiteTeam "Aue Nickelhuette II"]
[BlackTeam "Plauen Koenig"]
[WhiteTeamCountry "GER"]
[BlackTeamCountry "GER"]

1. d4 Nf6 2. Bf4 e6 3. e3 c5 4. c3 b6 5. Nf3 Bb7 6. Bd3 Be7 7. h3 0-0 8. 0-0 Nc6 9. Nbd2 cxd4 10. exd4 d6 11. Re1 Re8 12. a3 Rc8 13. Bg3 Nb8 14. Bb5 Bc6 15. a4 a6 16. Bd3 b5 17. axb5 axb5 18. Qb3 Qd7 19. Ra5 Bd8 20. Rxb5 Bxb5 21. Bxb5 Nc6 22. Nc4 Bc7 23. Bh4 Rb8 24. Bxf6 gxf6 25. Qa4 Rxb5 26. Qxb5 d5 27. Ne3 Rb8 28. Qe2 f5 29. Nd1 Qd6 30. Ne5 Nxe5 31. dxe5 Qf8 32. Qe3 Bb6 33. Qf4 Ra8 34. Ne3 Ra2 35. Re2 Qg7 36. g3 Bc7 37. Ng2 h5 38. Nh4 Ra5 39. Nf3 Rc5 40. Qh4 Rc4 41. Qxh5 Re4 42. Rxe4 fxe4 43. Ng5 Bxe5 44. Nxf7 Qxf7 45. Qxe5 Qd7 46. h4 Kf7 47. h5 Qa4 48. Qf4+ Ke8 49. h6 Qd1+ 50. Kg2 Qh5 51. g4 Qh4 52. b4 Kd7 53. b5 e5 54. Qxe5 Qxg4+ 55. Qg3 Qh5 56. Qh3+ 1-0

[Event "Olomouc op 20th"]
[Site "Olomouc"]
[Date "2017.08.18"]
[Round "8"]
[White "Nasanjargal, Urtnasan"]
[Black "Hoerr, Matthias"]
[Result "1-0"]
[WhiteElo "2419"]
[BlackElo "2196"]
[PlyCount "79"]
[EventDate "2017.08.12"]
[EventType "swiss"]
[EventRounds "9"]
[EventCountry "CZE"]
[SourceTitle "CBM 180 Extra"]
[Source "ChessBase"]
[SourceDate "2017.10.06"]
[SourceVersion "1"]
[SourceVersionDate "2017.10.06"]
[SourceQuality "1"]

1. Nf3 c5 2. e4 e6 3. g3 Nc6 4. Bg2 Nf6 5. Qe2 Qc7 6. 0-0 Be7 7. e5 Ng4 8. Re1 h5 9. h3 Nh6 10. c3 Nf5 11. d3 b6 12. Na3 Bb7 13. Bf4 a6 14. Nc4 b5 15. Ne3 g6 16. a3 d5 17. exd6 Bxd6 18. Nd5 Qd8 19. Bg5 Be7 20. Nxe7 Ncxe7 21. Bf6 Rf8 22. a4 Qc8 23. c4 b4 24. g4 hxg4 25. hxg4 Nh6 26. Ne5 Bxg2 27. Kxg2 Qb7+ 28. Qe4 Qxe4+ 29. dxe4 Nhg8 30. Bg7 f6 31. Bxf8 Kxf8 32. Nd7+ Kf7 33. Nxc5 Nc6 34. Rad1 Nge7 35. f4 Na5 36. Rh1 Ra7 37. Rd8 g5 38. f5 exf5 39. exf5 Rd7 40. Rh7# 1-0

[Event "Olomouc op 20th"]
[Site "Olomouc"]
[Date "2017.08.17"]
[Round "7"]
[White "Hoerr, Matthias"]
[Black "Valenta, Vit"]
[Result "1-0"]
[WhiteElo "2196"]
[BlackElo "2086"]
[PlyCount "111"]
[EventDate "2017.08.12"]
[EventType "swiss"]
[EventRounds "9"]
[EventCountry "CZE"]
[SourceTitle "CBM 180 Extra"]
[Source "ChessBase"]
[SourceDate "2017.10.06"]
[SourceVersion "1"]
[SourceVersionDate "2017.10.06"]
[SourceQuality "1"]

1. e4 e5 2. Nc3 Nf6 3. g3 g6 4. Bg2 Bg7 5. Nge2 0-0 6. 0-0 Nc6 7. f4 d6 8. d3 Bd7 9. Be3 Ng4 10. Bd2 exf4 11. Bxf4 Nd4 12. h3 Nxe2+ 13. Nxe2 Ne5 14. Qd2 Nc6 15. c3 Qe7 16. Rae1 Rae8 17. g4 Be6 18. b3 Kh8 19. d4 Bc8 20. Nc1 Nd8 21. Nd3 Ne6 22. Bg3 Qg5 23. Qxg5 Nxg5 24. h4 Ne6 25. e5 dxe5 26. Nxe5 Kg8 27. b4 c6 28. Nc4 Rd8 29. Nd6 Rd7 30. b5 cxb5 31. Nxb5 a6 32. Nd6 Rfd8 33. Nc4 Nxd4 34. cxd4 Rxd4 35. Bc7 Rf8 36. Nd6 Rxg4 37. Re4 Rxe4 38. Nxe4 Bd4+ 39. Kh1 Be6 40. Rd1 Bg7 41. a3 Bb2 42. a4 Rc8 43. Rd8+ Rxd8 44. Bxd8 b5 45. a5 Ba3 46. Nf6+ Kg7 47. Bb7 b4 48. Bxa6 Bb2 49. Ne8+ Kf8 50. Nc7 Ba2 51. Bb5 Bd4 52. a6 Bb1 53. Ba4 Ba2 54. Bf6 Bb6 55. Bc6 Bc4 56. Nb5 1-0